000 00647nam a2200253Ia 4500
003 OSt
005 20220912145531.0
006 a|||||r|||| 00| 0
007 ta
008 220909b |||||||| |||| 00| 0 eng d
024 _a69756
037 _cTextual
040 _aCSL
_beng
_cCSL
041 _aeng
082 _aB3, 113J4
100 _aBieberbach Ludwig
245 0 _aAnalytische fortsetzung
260 _c1954
300 _ap.
_ccm.
490 _aErgebnisse der mathematik und ihrer grenzgebiete neue folge; 3
650 _aAnalysis
942 _hB3, 113J4
_cTEXL
_2CC
999 _c33902
_d33902